000 00534nam a2200169 4500
001 131229
003 ES-MaACL
005 20230906193936.0
007 t|
008 070214s1956 sp r ||||1| spa d
100 1 _aRobinson, Clyde.
_997882
245 1 0 _aFestival de Bellver /
_cby Clyde Robinson ; music by Juan María Thomas.
260 _aPalma de Mallorca :
_b[s. n.],
_c1956 (
_fImp. Alcover)
300 _a14 h. :
_bil. ;
_c30 cm.
700 1 _aThomàs Sabater, Joan Maria.
_9110056
852 _aES-MaACL
_j2063-F-10
_bR.60552
999 _c131229
_d131229